Czy znasz podstawy medycyny? - Statystyki

Ogólne statystyki
  • Ten quiz został rozwiązany 58 razy
  • Średni wynik to 11 z 15
Statystyki odpowiedzi
Opis choroby Odpowiedź % Poprawnych
Przewlekła choroba metaboliczna związana z podwyższonym poziomem glukozy we krwi. Cukrzyca
100%
Niedobór czerwonych krwinek lub hemoglobiny prowadzący do osłabienia i bladości. Anemia
92%
Żółte zabarwienie skóry i białek oczu. Żółtaczka
90%
Choroba układu oddechowego z napadami duszności i świszczącym oddechem Astma
83%
Postępujące zaburzenia pamięci i funkcji poznawczych. Choroba Alzheimera
83%
Charakterystyczne rysy twarzy i niepełnosprawność intelektualna. Zespół Downa
83%
Schorzenie neurodegeneracyjne objawiające się drżeniem spoczynkowym i sztywnością mięśni. Choroba Parkinsona
81%
Nagłe opadnięcie kącika ust i problem z mówieniem. Udar mózgu
81%
Choroba autoimmunologiczna tarczycy. Hashimoto
75%
Czerwone plamy na skórze pokryte białą łuską. Łuszczyca
73%
Odkładanie blaszek w naczyniach krwionośnych. Miażdżyca
73%
Postępujące mętnienie widzenia jak przez mgłę. Zaćma
73%
Silny ból gardła i białe naloty na migdałkach. Angina
69%
Ostry ból w prawym dolnym kwadrancie brzucha. Ostre zapalenie wyrostka robaczkowego
48%
Choroba autoimmunologiczna, której objawem może być rumień w kształcie motyla na twarzy. Toczeń rumieniowaty układowy
42%
Nie znaleziono quizów pasujących do podanych kryteriów
Rozkład punktacji
Procent ludzi z każdym wynikiem
Percentyl według liczby udzielonych odpowiedzi
Twoja historia wyników
Nie rozwiązałeś tego quizu